| 000 | 00409nam a2200169Ia 4500 | ||
|---|---|---|---|
| 001 | 22434 | ||
| 005 | 20260414150831.0 | ||
| 008 | 260414t1999||||xx |||||||||||||| ||spa|| | ||
| 041 | _aESP | ||
| 082 |
_a621.381042 _bN33 |
||
| 100 |
_aNeamen, Donald A. _eAUT |
||
| 245 | 0 |
_aAnálisis y diseño de circuitos electrónicos _b |
|
| 260 | _c1999 | ||
| 650 | _aTCA | ||
| 654 | _aCET | ||
| 942 |
_cLIB _dJUS _fJUS _2ddc _n |
||
| 999 |
_c22434 _d22434 |
||